000 02932nam a2200241 4500
005 20250329165426.0
008 170718s2017 000 0 eng d
040 _aCO-CtgCURN
_bspa
_ccoctgcurn
082 0 _aDER 2017
_bP215
100 1 _aPareja Frias, Jhon Carlos.
245 1 0 _aAcciones, campanas o procedimientos efectuados por Sectores sociales como el movimiento indigenista lamista, antes de la asamblea nacional constituyente de 1990 y, su alcance en materia de derechos reconocidos en el marco de la constitucion politica de 1991 /
_cJhon Carlos Pareja Frias; Rafael Ricardo Giraldo Cadena; Asesora Monica Herazo Morales.
260 _aCartagena de Indias :
_bCorporacion Universitaria Rafael Nuñez,
_c2017.
300 _a75 hojas.
504 _aTrabajo de grado (Abogado). Corporacion Universitaria Rafael Nuñez. Facultad de Ciencias sociales y humanas. Derecho, 2017.
520 _aHistoricamente en Colombia se han presentado en materia de reconocimiento de derechos a los diferentes grupos sociales que lo conforman, un sin numero de contrastes politico-sociales que de alguna manera han influenciado en la construccion de normas garantes de derechos fundamentales. Tal es el caso de los grupos, comunidades o sectores indigenas que desde la epoca de la conquista, en pleno siglo XVI se vieron avocados a gran cantidad de injusticias y atropellos, ya que su entorno natural como colectividad debidamente asentada en tierras colombianas fue vulnerado. Luego de mas de 6 Constituciones instituidas en la historia de Colombia, el 5 de Febrero de 1991 se produjo la instalacion de la Asamblea Nacional Constituyente en el salon Boyaca del Capitolio Nacional, para asi dar inicio a la promulgacion de la octava Constitucion, solo que esta vez, a diferencia de las demas, se presentaba una situacion novedosa, pues se establecia una mesa directiva de nuevo caracter, al ser varios los movimientos sociales los que participaban en pos de una nueva era en reconocimiento de derechos, no como se daba anteriormente, que era el bipartidismo tradicional. En vez de ello se abrian las posibilidades a una pluralidad latente durante mucho tiempo en el espiritu de un pueblo golpeado por un sinnumero de flagelos, vejaciones y fenomenos politico-sociales que habian marcado su historia en terminos de derechos naturales, desde la conquista de America hasta ese periodo.
650 0 _aDerecho
_xTesis y disertaciones academicas.
700 1 _aGiraldo Cadena, Rafael Ricardo.
700 1 _aBetancourt De Arco, Ramon.
700 1 _aHerazo Morales, Monica,
_cAsesora.
856 _uhttps://unicurn.sharepoint.com/:b:/s/biblioteca/EZ1NY9QNIKdMg67rserOEEsBrDid09djWX5hU_j4D6gD-A?e=lu2ENy
_zClick aqui para ver el recurso en texto completo
942 _hDER 2017
_iP215
_2ddc
_cTG
999 _c3564
_d3564